| 000 | 00568nam a2200193Ia 4500 | ||
|---|---|---|---|
| 005 | 20250326143153.0 | ||
| 008 | 250326s9999 xx 000 0 und d | ||
| 020 | _a1-4039-0329-8 | ||
| 037 | _aTextbook | ||
| 040 |
_aFMSL _beng _cFMSL |
||
| 041 |
_aeng _2eng |
||
| 084 |
_aX3ob8(A) P3 _qFMSL |
||
| 100 |
_aPaulsen N _9747294 |
||
| 245 | 0 |
_aManaging boundaries in organizations:multiple perspectives _cPaulsen N |
|
| 260 |
_aNew York _bNew York, Palgrave MacMillan _c2003 |
||
| 300 | _a311p | ||
| 942 |
_cTB _hX3ob8(A) P3 |
||
| 999 |
_c1298429 _d1298429 |
||